000 00399nmm a2200145Ia 4500
008 251105s9999||||xx |||||||||||||||||und||
041 _aspa
100 _aTarttelin, Abigail
245 0 _aEl chico de oro
264 _a[Madrid, España] :
_bEdiciones B,
_c2014
300 _a400 páginas
650 _aEnglish Narrative
856 _uhttps://public.digitaliapublishing.com/a/54033
942 _cCF
999 _c104954
_d104954